| 000 | 00906nam a2200277 a 4500 | ||
|---|---|---|---|
| 001 | 000019484 | ||
| 005 | 20200929170031.0 | ||
| 008 | 810227s1969 sp 001 e spa d | ||
| 040 |
_aDO-SdBNP _bspa _cDLC _dBNPHU |
||
| 082 |
_a864.6 _bM186a, 1969 |
||
| 100 | 1 |
_aMaeztu, María de, _d1881-1948 _941852 |
|
| 245 | 1 | 0 |
_aAntología siglo XX : _bprosistas españoles, semblanzas y comentarios. |
| 250 | _a7a ed. | ||
| 260 |
_aMadrid : _bEspasa-Calpe, _c1969. |
||
| 300 |
_a248, [20] p. ; _c18 cm. |
||
| 490 | 1 |
_aAustral. Verde: ensayos y filosofía _v330 |
|
| 500 | _aIncluye índice de autores | ||
| 650 | 4 |
_aEnsayos españoles _93095 |
|
| 650 | 4 |
_aProsa española _915565 |
|
| 650 | 4 |
_aLiteratura española _9632 |
|
| 650 | 4 |
_aProsa poética española _928208 |
|
| 830 | 0 |
_aAustral. _pVerde: ensayos y filosofía; _v330 _98733 |
|
| 910 | _aCatalogación derivada / LC | ||
| 910 | _aWM | ||
| 049 | _aBNGR | ||
| 999 |
_c19000 _d19000 |
||